1037 1514 1835 1036 1210 1154 1189 1430 1913 1265 1439 1781 1250 1508 1952 1126 1517 1831 1859 1536 1666 1242 1549 1554 1374 1540 1895 1523 1765 1965 1396 1705 1732 1266 1404 1659 1492 1925 1573 1501 1297 1760 1362 1336 1315 1844 1392 1625 1084 1713 1693 1558 1272 1224 1961 1793 1768 1449 1837 1257 1086 1863 1649 1601 1379 1222 1686 1256 1262 1805 1206 1480 1149 1103 1714 1137 1460 1278 1488 1843 1194 1939 1845 1840 1675 1329 1240 1855 1738 1376 1318 1252 1514 1887 1411 1869 1795 1485 1001 BCNSPRNW ULIB Ver.6.0+V

เปลี่ยนเป็นภาษาไทย

Change to English
 แสดงรายละเอียดบรรณานุกรม
  กลับหน้าหลัก

Brief Record : Get Marc (ISO 2709) : E-mail record : QR code < ปิดหน้าต่าง
LEADER : 00000nam 2200000uu 4500
001    13399124492
003     ULIB
008    150804s2557||||th 000 0 tha d
020    ^a9745863998
060  4 ^aQT4^bส356 ล.1
245 00 ^aสรีรวิทยา 1 ฉบับปรับปรุงครั้งที่ 5/^cโดย คณาจารย์ภาควิชาสรีรวิทยา คณะวิทยาศาสตร์ มหาวิทยาลัยมหิดล
250    ^aฉบับปรับปรุง ครั้งที่ 5
260    ^aกรุงเทพฯ :^bภาควิชาสรีรวิทยา คณะวิทยาศาสตร์ มหาวิทยาลัยมหิดล,^c2557.
300    ^a285 หน้า :^bภาพประกอบ ;^c30 ซม.
650  7 ^aสรีรวิทยา
700 0  ^aชุมพล ผลประมูล; บรรณาธิการ
700 0  ^aสุรวัฒน์ จริยาวัฒน์; บรรณาธิการ
710 2  ^aมหาวิทยาลัยมหิดล.^bคณะวิทยาศาสตร์.^bภาควิชาสรีรวิทยา
945    ^p0^l0^i23092
945    ^p0^l0^i23093
945    ^p0^l0^i23094
945    ^p0^l0^i23095
945    ^p0^l0^i23096
945    ^p0^l0^i23097
945    ^p0^l0^i23098
945    ^p0^l0^i23099
999    ^aทศพร เกษรทอง
รายการนี้ยังไม่มีแท็ก
คุณยังไม่ได้ล็อกอิน คุณสามารถมีกิจกรรมร่วมกับเว็บไซต์ได้ แต่ต้องล็อกอินก่อน ::
  ล็อกอิน

รายการสื่อสารสนเทศ

ลำดับที่ ประเภท เลขเรียก/บาร์โค้ด สถานที่ สถานะ
1. วิทยาศาสตร์การแพทย์ และสุขภาพ
วิทยาศาสตร์การแพทย์ และสุขภาพ
สถานะ=หนังสือเก่า
QT4 ส356 ล.1 ฉ.1 
  Barcode: 23092
ห้องสมุดวิทยาเขตนครสวรรค์
►ส่วนจัดเก็บหนังสือเก่า นว.
บนชั้น
  ขอยืม
2. วิทยาศาสตร์การแพทย์ และสุขภาพ
วิทยาศาสตร์การแพทย์ และสุขภาพ
สถานะ=หนังสือเก่า
QT4 ส356 ล.1 ฉ.2 
  Barcode: 23093
ห้องสมุดวิทยาเขตนครสวรรค์
►ส่วนจัดเก็บหนังสือเก่า นว.
บนชั้น
  ขอยืม
3. วิทยาศาสตร์การแพทย์ และสุขภาพ
วิทยาศาสตร์การแพทย์ และสุขภาพ
สถานะ=หนังสือเก่า
QT4 ส356 ล.1 ฉ.3 
  Barcode: 23094
ห้องสมุดวิทยาเขตนครสวรรค์
►ส่วนจัดเก็บหนังสือเก่า นว.
บนชั้น
  ขอยืม
4. วิทยาศาสตร์การแพทย์ และสุขภาพ
วิทยาศาสตร์การแพทย์ และสุขภาพ
สถานะ=หนังสือเก่า
QT4 ส356 ล.1 ฉ.4 
  Barcode: 23095
ห้องสมุดวิทยาเขตนครสวรรค์
►ส่วนจัดเก็บหนังสือเก่า นว.
บนชั้น
  ขอยืม
5. วิทยาศาสตร์การแพทย์ และสุขภาพ
วิทยาศาสตร์การแพทย์ และสุขภาพ
สถานะ=หนังสือเก่า
QT4 ส356 ล.1 ฉ.5 
  Barcode: 23096
ห้องสมุดวิทยาเขตนครสวรรค์
►ส่วนจัดเก็บหนังสือเก่า นว.
บนชั้น
  ขอยืม
6. วิทยาศาสตร์การแพทย์ และสุขภาพ
วิทยาศาสตร์การแพทย์ และสุขภาพ
สถานะ=หนังสือเก่า
QT4 ส356 ล.1 ฉ.6 
  Barcode: 23097
ห้องสมุดวิทยาเขตนครสวรรค์
►ส่วนจัดเก็บหนังสือเก่า นว.
บนชั้น
  ขอยืม
7. วิทยาศาสตร์การแพทย์ และสุขภาพ
วิทยาศาสตร์การแพทย์ และสุขภาพ
สถานะ=หนังสือเก่า
QT4 ส356 ล.1 ฉ.7 
  Barcode: 23098
ห้องสมุดวิทยาเขตนครสวรรค์
►ส่วนจัดเก็บหนังสือเก่า นว.
บนชั้น
  ขอยืม
8. วิทยาศาสตร์การแพทย์ และสุขภาพ
วิทยาศาสตร์การแพทย์ และสุขภาพ
สถานะ=หนังสือเก่า
QT4 ส356 ล.1 ฉ.8 
  Barcode: 23099
ห้องสมุดวิทยาเขตนครสวรรค์
►ส่วนจัดเก็บหนังสือเก่า นว.
บนชั้น
  ขอยืม

รายการใกล้เคียง
    หัวเรื่อง [สรีรวิทยา]

BibComment


ยังไม่เคยถูกคอมเมนท์

คอมเมนท์ทรัพยากรรายการนี้
  คอมเมนท์: สรีรวิทยา 1 ฉบับ..


 Copyright 2026. Bcnsprnw @Library